00691 a2200181 45000010006000000050017000060080041000230030015000640400040000790800075001192450097001940200018002912640046003093000019003555050100003740410008004741000027004825899220260407155844.0260407a1993 arg spa dAR-UNSa-BCEJYS aAR-UNSa-BCEJYSbspacAR-UNSa-BCEJYS a339.73xOrganizaciones para los pagos y compensaciones internacionales10aEstructura y funciones actuales de los organismos internacionales financieros y económicos a950-9314-82-X 1aBuenos Aires :bCatálogos Editorac1993 a398 p.c20 cm. a1. El financiamiento internacional - 2. El comercio internacional - 3. Actividades productivas. aspa1 aCalcagno, Alfredo Eric